00810nab a2200229 uc450000100070000000500170000700800410002403500110006503500210007604000130009704100080011010000230011824500870014165000310022865000280025965000170028765000250030465000220032970000260035170000240037777301790040166362520240201163512.0010514e20001201 eng  a663625 a(OCoLC)819907536 ccomduadb aeng10aGale, D.4auteaut10aDesign of high stability mechanical structures and mountings for a metrology frame 4aEstabilidad de estructuras aEstructuras metálicas 0aMetrología aImágenes virtuales aInterferometría10aSanchez, I.4auteaut10aVelez, A.4auteaut0 tInstrumentación y Desarrollo = Instrumentation and Development (México)gVol. 04, No. 05, 2000/Instrumentacion y Desarrollo (Mexico), p. 51-59w495014x0187-85490121145